000 00322nam a22001337a 4500
008 170726b xxu||||| |||| 00| 0 eng d
020 _a9780803950924
041 _aeng
080 _a004
100 _a30
101 _aSHK
245 _aSTRUCTURAL EQUATION MODELING WITH EQS AND EQS/WINDOWS
_cBYRNE,B.M
942 _2udc
_cBK
999 _c21956
_d21956